000 00301nam a2200133Ia 4500
008 191201s2012 xx 000 0 und d
100 _aSINHA,SN
245 0 _aReinforced Concrete Design
250 _aRep
260 _aN. Delhi
_bTMH
_c2012
300 _a708
650 _aB.Tech(CE)
942 _2ddc
_cBK
999 _c5601
_d5601